000 005940000a22001810004500
003 MACL
005 20160604160344.0
008 160604b xxu||||| |||| 00| 0 eng d
040 _aMACL
_cMACL
041 _aHindi
082 _a920
100 _aशर्मा, कपिल
_962451
245 _aविश्‍व की महान वैज्ञानिक विभूतियॉ
_cकपिल शर्मा
260 _bविज्ञान भारती
_c2002
_aगाजियाबाद
350 _a100
650 _aBiography
_962452
942 _cHIN
_k920/SHA
_2ddc
999 _c12222
_d12222